Vývoj na světových trzích surovin v červenci

Analýza svetového trhu s komoditami v júli 1995. Obchodná aktivita nevýrazná. Ohrozenie svetových cien ropy kvôli dostatočným zásobám a stúpajúcej ťažbe. Cenové pohyby kovov. Trh poľnohospodárskych komodít. Pokles cien kávy, rast cien pšenice a kukurice. Prehľad cien jednotlivých kovov a poľnohospod...

Descrizione completa

Salvato in:
Dettagli Bibliografici
Natura: Capitolo di libro
Lingua:ceco
Soggetti:
Tags: Aggiungi Tag
Nessun Tag, puoi essere il primo ad aggiungerne!!

MARC

LEADER 00000naa a2200000 4500
001 r019111
005 20221205102848.4
041 0 |a cze 
044 |a CZ 
245 1 0 |a Vývoj na světových trzích surovin v červenci 
520 |a Analýza svetového trhu s komoditami v júli 1995. Obchodná aktivita nevýrazná. Ohrozenie svetových cien ropy kvôli dostatočným zásobám a stúpajúcej ťažbe. Cenové pohyby kovov. Trh poľnohospodárskych komodít. Pokles cien kávy, rast cien pšenice a kukurice. Prehľad cien jednotlivých kovov a poľnohospodárskych komodít v 2 tabuľkách. Grafický prehľad vývoja cien ropy, kovov, plastických hmôt. 
610 2 0 |a trh svetový 
610 2 0 |a analýza trhu 
610 2 0 |a ceny svetové 
610 2 0 |a komodity 
610 2 0 |a zásoby surovín 
610 2 0 |a spotreba surovín 
610 2 0 |a ropa 
610 2 0 |a kovy drahé 
610 2 0 |a kovy neželezné 
610 2 0 |a trh zlata 
610 2 0 |a obilniny 
610 2 0 |a svet 
610 2 0 |a júl 
610 2 0 |a 1995